My secret
| Main Author: | |
|---|---|
| Format: | Book |
| Language: | Malay |
| Published: |
Selangor :
PTS One ,
2008
|
| Subjects: |
MARC
| LEADER | 00000cam a2200000 7i4500 | ||
|---|---|---|---|
| 001 | 0000019009 | ||
| 005 | 20090518.0 | ||
| 008 | 090514s my a may | ||
| 020 | |a 9789833654369 , |c RM15.00 | ||
| 040 | |a INS | ||
| 090 | 0 | 0 | |a PL5136 |b A49 2008 |
| 100 | 0 | |a Aizam Aiman | |
| 245 | 1 | 0 | |a My secret |c Aizam Aiman |
| 260 | |a Selangor : |b PTS One , |c 2008 | ||
| 300 | |a 210ms. : |b il. ; |c 19cm. | ||
| 650 | 0 | |a Malay fiction | |
| 999 | |a 0000020840 |b BOOK |c Open Shelf |e Default branch | ||